Normal view
MARC view
- القانون الدستوري -- التنمية السياسية -- الأردن -- تاريخ الاردن
Entry Topical Term
001 - CONTROL NUMBER
- control field: 31943
003 - CONTROL NUMBER IDENTIFIER
- control field: JO-AjAnu
005 - DATE AND TIME OF LATEST TRANSACTION
- control field: 20230606075355.0
008 - FIXED-LENGTH DATA ELEMENTS
- fixed length control field: 230606|| aca||aabn | a|a d
040 ## - CATALOGING SOURCE
- Original cataloging agency: JO-AjAnu
- Transcribing agency: JO-AjAnu
150 ## - HEADING--TOPICAL TERM
- Topical term or geographic name entry element: القانون الدستوري -- التنمية السياسية -- الأردن -- تاريخ الاردن
670 ## - SOURCE DATA FOUND
- Source citation: Work cat.: (JO-AjAnu)16402: العماوى ، مصطفى صالح , author 31942, التنظيم السياسي والنظام الدستوري